|
|
|
|
| LEADER |
00000cam a2200000 7i4500 |
| 001 |
0000000614 |
| 005 |
20000913.0 |
| 020 |
0 |
0 |
|a 9678907275
|
| 090 |
0 |
0 |
|a 346.595045
|b MAL 1996
|
| 110 |
1 |
0 |
|a MALAYSIA
|
| 245 |
1 |
0 |
|a Town Planners Act 1995 (Act 538) & Akta Perancang Bandar 1995 (Akta 538) :
|b (as at 5th January 1996)
|c compiled by Legal Research Board
|
| 260 |
0 |
0 |
|a Kuala Lumpur :
|b International Law Book Services ,
|c 1996
|
| 300 |
|
|
|a 76 p. ;
|c 24 cm.
|
| 440 |
0 |
0 |
|a Laws of Malaysia
|
| 650 |
0 |
0 |
|a City planning and redevelopment law
|z Malaysia
|
| 745 |
0 |
0 |
|a Akta Perancang Bandar, 1995 (Akta 538)
|
| 999 |
|
|
|a 0000001880
|b Monograph
|c Open Shelf
|e Default branch
|